| 000 | 00576nja a2200181 a 4500 | ||
|---|---|---|---|
| 003 | BLK | ||
| 005 | 20180414204534.0 | ||
| 008 | 180414c bul|r|ner|||| 00| c0bul d | ||
| 010 | _aNOT00003223009 | ||
| 040 | _aBLK | ||
| 245 | 1 | 0 |
_aПринцесата върху граховото зърно _bИз Андерсенови приказки _sОп.30, №1 |
| 257 | _aBGR | ||
| 380 | _a7 | ||
| 773 |
_0316585 _9669472 _tМалкият пианист |
||
| 852 | _aЦб М ІІ 267 | ||
| 942 |
_cNOT _n0 |
||
| 944 |
_aCR _c20.08.2010 _kИрена_Линкова |
||
| 944 |
_aED _c29.02.2016 _kИрена_Линкова |
||
| 999 |
_c316594 _d316594 |
||